zpět

Detail výsledku týmu

The Pub Praha 2 PO, Praha

Datum a čas kvízu

27 Celkem bodů Celkový počet nahraných bodů na tomto kvízu bez doplňovacích otázek.
5. Pořadí na kvízu Konečné umístění týmu na tomto kvízu.

Zaznamenané odpovědi

# Otázka Odpověď Body Výsledky
1. Odborníci ze Západočeské unive... sršeň (asijská) 0
2. Městská rada v anglickém Cambr... princ Philip 1
3. Minulý týden byly rozdány ceny... David Koller, Pam Rabbit 0
4. Minulý týden si žena na severu... s bambulí (od čepice) 1
5. Český snowboardista Radek Hous... obarvit se na blond 1
6. Věříme, že ovládáte velkou pal... Řecko 1
7. Kalaallit Nunaat, tak zní v mí... Dánsko 1
8. Vyberte zemi, jejíž zkratka ná... A 0
9. V Evropské unii žije momentáln... 1A 2B 3C 4D 1
10. Na snímku z letiště můžete spa... Dublin 1